[Event "LSS ZH-2009-0-00247"]
[Site "LSS email"]
[Date "2009.02.05"]
[Round "?"]
[White "Maas, Michel"]
[Black "Van Hooff, Ruud"]
[Result "1-0"]
[WhiteElo "800"]
[BlackElo "2284"]
[PlyCount "40"]
[EventDate "2009.01.22"]
[EventType "match (corr)"]
[EventRounds "2"]
[EventCountry "GER"]
[SourceTitle "Corr 2011"]
[Source "ChessBase"]
[SourceDate "2010.08.31"]
[SourceVersion "1"]
[SourceVersionDate "2010.08.31"]
[SourceQuality "1"]

1. e4 e5 2. Nf3 Nf6 3. Nxe5 d6 4. Nf3 Nxe4 5. d4 d5 6. Bd3 Bd6 7. 0-0 0-0 8. c4 c6 9. cxd5 cxd5 10. Nc3 Nxc3 11. bxc3 Bg4 12. Rb1 Nd7 13. Rb5 Nb6 14. h3 Bh5 15. c4 Bxf3 16. Qxf3 dxc4 17. Be4 Qd7 18. a4 Rab8 19. Bd2 Rfe8 20. Rfb1 Qe6 1-0